| 000 | 03226nam a2200349Ia 4500 | ||
|---|---|---|---|
| 999 |
_c53623 _d53623 |
||
| 001 | 20670 | ||
| 003 | GE_BSU | ||
| 005 | 20220211133645.0 | ||
| 008 | 181216s2017||||ge |||||||||||||| ||geo|| | ||
| 020 | _a9789941099519 | ||
| 040 | _cGE_BSU | ||
| 041 | _ageo | ||
| 080 | _a008.1(479.22:560)+272/273(=353.1)(560) წ-40 | ||
| 245 |
_aწერილები სტამბოლის ქართული სავანიდან I : _b / _cშუშანა ფუტკარაძე, როინ მალაყმაძე, თამილა ლომთათიძე და სხვ. ; რედ. ემერეტუს-პროფესორი შუშანა ფუტკარაძე ; რეზიუმისა და სტატიების თარგმანანი თამარ სირაძისა. |
||
| 264 |
_aთბილისი : _bსამშობლო, _c2017. |
||
| 300 |
_a1032 გვ. ; _bილ. ; _c28 სმ. |
||
| 500 | _aწინამდებარე კრებული -,,წერილები სტამბოლის ქართული სავანიდან I-საინტერესო წიგნი იქნება მკითხველთა ფართო წრისათვის.იგი ბევრ ახალ ცნობას მიაწვდის ისტორიის, ეთნოგრაფიის, ენათმეცნიერების, ლიტერატურის მცოდნეობის, თურქეთ-საქართველოს კულტურული ურთიერთობის უახლესი ისტორიის საკითხებით დაინტერესებულ მკვლევარებს | ||
| 500 | _aპირთა საძიებელი : გვ.1012-1028 | ||
| 500 | _aპირთა ფოტო მასალის სარჩევი : გვ:1029-1032 | ||
| 505 | _rწიგნი ეძღვნება სტამბოლის ქართული სავანის ამაგდარი პიროვნების მამა-შვილ პავლე და სიმონ ზაზაძეების ხსოვნას | ||
| 541 | _h49ლ. | ||
| 653 | _aცივილიზაცია | ||
| 653 | _aკულტურა | ||
| 653 | _a პროგრესი | ||
| 653 | _aრელიგია | ||
| 700 |
_aფუტკარაძე, შუშანა _eავტორი _91978 |
||
| 700 |
_aმალაყმაძე, როინ _eავტორი _94544 |
||
| 700 |
_aლომთათიძე, თამილა _eავტორი _910264 |
||
| 700 |
_aფუტკარაძე, შუშანა _eრედაქტორი _91978 |
||
| 710 |
_aბათუმის შოთა რუსთაველის სახელობის უნივერსიტეტი _eნიკო ბერძენიშვილის ინსტიტუტი _910265 |
||
| 942 |
_cBK _2udc |
||